| 000 | 00331nam a2200121Ia 4500 | ||
|---|---|---|---|
| 005 | 20251222144744.0 | ||
| 008 | 251222s9999||||xx |||||||||||||| ||spa|| | ||
| 082 | _a970.05/C76/T.II | ||
| 245 | 0 | _aObra Completa II de Juan Pablo Viscardo y Guzmán | |
| 250 | _a1ra.ed. | ||
| 264 | _bCongreso de la República del Perú | ||
| 942 | _cLIB | ||
| 999 |
_c19064 _d19064 |
||